Nové územné členenie a štruktúrna adaptácia regiónov

Podmienky ekonomickej transformácie v priestore. Nové územnosprávne členenie štátu. Priestor geografický, ekonomický a správny - ich prelínanie sa (príklad železničnej dopravy). Vnútropolitické a zahraničnopolitické aspekty územného členenia. Dva prístupy k územnosprávnemu usporiadaniu: župný a vlád...

Description complète

Enregistré dans:
Détails bibliographiques
Auteur principal: Schmögner, J.
Format: Chapitre de livre
Langue:slovaque
Sujets:
Tags: Ajouter un tag
Pas de tags, Soyez le premier à ajouter un tag!

MARC

LEADER 00000naa a2200000 4500
001 r024313
005 20221205090155.9
041 0 |a slo 
044 |a SK 
245 1 0 |a Nové územné členenie a štruktúrna adaptácia regiónov  |c J. Schmögner 
520 |a Podmienky ekonomickej transformácie v priestore. Nové územnosprávne členenie štátu. Priestor geografický, ekonomický a správny - ich prelínanie sa (príklad železničnej dopravy). Vnútropolitické a zahraničnopolitické aspekty územného členenia. Dva prístupy k územnosprávnemu usporiadaniu: župný a vládny. Aktuálne otázky transformácie regiónov. 
610 2 0 |a regióny 
610 2 0 |a rozvoj regionálny 
610 2 0 |a transformácia 
610 2 0 |a Slovensko 
610 2 0 |a obce 
610 2 0 |a hospodárstvo regionálne 
610 2 0 |a hospodárstvo miestne 
610 2 0 |a geografia 
610 2 0 |a doprava železničná 
610 2 0 |a ruch cestovný 
610 2 0 |a výstavba investičná 
610 2 0 |a samospráva 
100 1 |a Schmögner, J.